00847nam a22002297a 4500008004100000020001500041040001800056041000800074060001100082100003200093245015900125260004600284300005000330490004000380650001300420650001400433650002900447650002300476700003100499700003700530830005000567130821s2000 sp a gr spa  a8480130539 aCo-BoUCMbspa00aspa00aQT 2601 aGarcía Manso, Juan Manuel10aBases teóricas del entrenamiento deportivo (principios y aplicaciones)cJuan Manuel García Manso, Manuel Navarro Valdivieso, José A. Ruiz Caballero, aMadrid (España)bGymnos Editorialc2000 a518 páginasbilustraciones, cuadros, tablas 0aColección Entrenamiento Deportivo04aDeportes04aEjercicio04aEntrenamiento atlético04aMedicina deportiva1 aNavarro Valdivieso, Manuel1 aRuíz Caballero, José Antonio aBibliografía Básica Medio Universitario.